ARRUPE JESUIT UNIVERSITY

CORONAVIRUS -STOP THE SPREAD - CLEAN,DISINFECT,COVER

The Gospel & its proclamation / (Record no. 122482)

MARC details
000 -LEADER
fixed length control field 01187cam a2200349ua 4500
001 - CONTROL NUMBER
control field 4420332
003 - CONTROL NUMBER IDENTIFIER
control field ARRUPE
005 - DATE AND TIME OF LATEST TRANSACTION
control field 20150325163358.0
008 - FIXED-LENGTH DATA ELEMENTS--GENERAL INFORMATION
fixed length control field 840123s1983 deu b 000 0 eng d
010 ## - LIBRARY OF CONGRESS CONTROL NUMBER
LC control number 83081841
020 ## - INTERNATIONAL STANDARD BOOK NUMBER
International Standard Book Number 0894533401 (set)
020 ## - INTERNATIONAL STANDARD BOOK NUMBER
International Standard Book Number 0894533126 (set) (bpk.)
020 ## - INTERNATIONAL STANDARD BOOK NUMBER
International Standard Book Number 0894533509 (v. 10)
020 ## - INTERNATIONAL STANDARD BOOK NUMBER
International Standard Book Number 0894533215 (v. 10) (pbk.)
035 ## - SYSTEM CONTROL NUMBER
System control number (OCoLC)10327380
035 ## - SYSTEM CONTROL NUMBER
System control number (OCoLC)ocm10327380
035 ## - SYSTEM CONTROL NUMBER
System control number (NNC)4420332
040 ## - CATALOGING SOURCE
Original cataloging agency *IWT*
Transcribing agency *IWT*
Modifying agency NNUT
-- CStRLIN
090 ## - LOCALLY ASSIGNED LC-TYPE CALL NUMBER (OCLC); LOCAL CALL NUMBER (OCLC)
Classification number (OCLC) (R) ; Classification number, CALL (RLIN) (NR) BR165
Local cutter number (OCLC) ; Book number/undivided call number, CALL (RLIN) .S52 1983
300 ## - PHYSICAL DESCRIPTION
Dimensions 22 cm.
100 1# - MAIN ENTRY--PERSONAL NAME
Personal name Sider, Robert D.
Fuller form of name (Robert Dick)
9 (RLIN) 16494
245 14 - TITLE STATEMENT
Title The Gospel & its proclamation /
Statement of responsibility, etc by Robert D. Sider ; edited by Thomas Halton.
260 ## - PUBLICATION, DISTRIBUTION, ETC. (IMPRINT)
Place of publication, distribution, etc Wilmington, Delaware :
Name of publisher, distributor, etc M. Glazier,
Date of publication, distribution, etc c1983.
300 ## - PHYSICAL DESCRIPTION
Extent 236 p. ;
490 1# - SERIES STATEMENT
Series statement Message of the fathers of the church ;
Volume number/sequential designation v. 10
504 ## - BIBLIOGRAPHY, ETC. NOTE
Bibliography, etc Includes bibliographies.
650 #0 - SUBJECT ADDED ENTRY--TOPICAL TERM
Topical term or geographic name as entry element Preaching
General subdivision History
-- Early church
-- Sources
9 (RLIN) 16495
650 #0 - SUBJECT ADDED ENTRY--TOPICAL TERM
Topical term or geographic name as entry element Christain education
General subdivision History
-- Early church
-- Sources
9 (RLIN) 16496
650 #0 - SUBJECT ADDED ENTRY--TOPICAL TERM
Topical term or geographic name as entry element Apologetics
General subdivision History
-- Sources
9 (RLIN) 16497
830 #0 - SERIES ADDED ENTRY--UNIFORM TITLE
Uniform title Message of the fathers of the church ;
Volume number/sequential designation v. 10.
9 (RLIN) 16498
942 ## - ADDED ENTRY ELEMENTS (KOHA)
Source of classification or shelving scheme Library of Congress Classification
Koha item type Monograph ( Printed materials)
Holdings
Withdrawn status Lost status Source of classification or shelving scheme Damaged status Not for loan Collection code Home library Current library Shelving location Date acquired Total Checkouts Full call number Barcode Date last seen Price effective from Koha item type
    Library of Congress Classification     Main Collection ARRUPE LIBRARY ARRUPE LIBRARY Main Collection 25/03/2015   BV4207.S53 1983 46500002659 24/01/2017 25/03/2015 Monograph ( Printed materials)

 

Arrupe Library. PO Box MP320 Mt Pleasant, Harare, Zimbabwe
263 242 745411|librarian@aju.ac.zw